Countries by Number of Astronauts - Statistics

General Stats
  • This quiz has been taken 18 times
  • The average score is 34 of 42
Answer Stats
Hint Answer % Correct
128 Russia
100%
379 United States of America
100%
3 Australia
94%
11 Canada
94%
24 China
94%
10 France
94%
2 India
94%
9 Italy
94%
15 Japan
94%
2 Poland
94%
3 United Kingdom
94%
13 Germany
89%
1 Norway
89%
1 South Korea
89%
1 Spain
89%
2 Sweden
89%
1 Turkey
89%
1 Ukraine
89%
1 Austria
83%
2 Belgium
83%
1 Brazil
83%
1 Denmark
83%
1 South Africa
83%
1 Switzerland
83%
1 Belarus
78%
1 Czech Republic
78%
2 Kazakhstan
78%
1 Mexico
78%
2 Netherlands
78%
3 Saudi Arabia
78%
2 Bulgaria
72%
2 Hungary
72%
2 Israel
72%
1 Romania
72%
2 United Arab Emirates
72%
1 Cuba
67%
1 Slovakia
67%
1 Vietnam
67%
1 Mongolia
61%
1 Malaysia
56%
1 Syria
50%
1 Afghanistan
39%
No matching quizzes found
Score Distribution
Percent of People with Each Score
Percentile by Number Answered
Your Score History
You have not taken this quiz